| 000 | 01393nam a2200337 a 4500 | ||
|---|---|---|---|
| 001 | 000030512 | ||
| 003 | DO-SdBNP | ||
| 005 | 20210531102300.0 | ||
| 008 | 110523s2011 dr 001 0 spa d | ||
| 020 | _a9789945074277 | ||
| 040 |
_aBPMSU _bspa _cBPMSU |
||
| 082 |
_aRD864.44 _bM863m _222 |
||
| 100 | 1 | _aMorla, Rafael | |
| 245 | 1 | 0 |
_aModernidad e ilustración en Santo Domingo / _cRafael Morla. |
| 260 |
_aSanto Domingo : _bArchivo General de la Nación, _c2011. _f |
||
| 300 |
_a167 p. ; _c23 cm. |
||
| 490 | 0 |
_aArchivo General de la Nación _v134 |
|
| 500 | _aIncluye datos biográficos del autor en la solapa de la cubierta | ||
| 504 | _aIncluye bibliografía y notas al pie de páginas. | ||
| 504 | _aBibliografía: p. 149-153. | ||
| 505 | 0 |
_gIntroducción -- _tMarco teórico para la comprensión de la ilustración en Santo Domingo -- _tLa ilustración en Santo Domingo en el siglo XVIII -- _tLa ilustración en Santo Domingo en el siglo XIX -- _gConclusión -- _gBibliografía. |
|
| 590 | _aInventariado, 2021/VM | ||
| 650 | 4 |
_aIntelectuales _zRepública Dominicana |
|
| 650 | 4 | _aModernismo (literatura) | |
| 650 | 4 | _aEnsayos dominicanos | |
| 650 | 4 | _aLiteratura dominicana. | |
| 650 | 4 |
_aFilosofía _zRepública Dominicana _xEnsayos, conferencias, etc. |
|
| 651 | 4 |
_aRepública Dominicana _xVida Intelectual _ySiglo XVIII -XIX |
|
| 910 | _aVMateo | ||
| 942 |
_2ddc _cBK |
||
| 999 |
_c13545 _d13545 |
||